[Event "Bhubaneswar SOA op 1st"]
[Site "Bhubaneswar"]
[Date "2024.02.04"]
[Round "10"]
[White "Tahbaz, Arash"]
[Black "Parvathareddy, Ajay Santhosh"]
[Result "1-0"]
[WhiteElo "2425"]
[BlackElo "2204"]
[PlyCount "89"]
[EventDate "2024.01.28"]
[EventType "swiss"]
[EventRounds "10"]
[EventCountry "IND"]
[SourceTitle "CB06_2024"]
[SourceDate "2024.02.07"]
[SourceVersion "1"]
[SourceVersionDate "2024.02.07"]
[SourceQuality "1"]

1. e4 c5 2. Nf3 d6 3. d4 cxd4 4. Nxd4 Nf6 5. Nc3 a6 6. f3 e5 7. Nb3 Be7 8. Be3 Be6 9. Qd2 h5 10. Nd5 Nxd5 11. exd5 Bf5 12. Be2 Nd7 13. 0-0 0-0 14. Na5 Qc7 15. c4 Bg6 16. b4 f5 17. Kh1 f4 18. Bg1 h4 19. Bd3 e4 20. Bxe4 Bxe4 21. fxe4 Ne5 22. Rac1 h3 23. gxh3 Qd7 24. Bd4 Qxh3 25. Bxe5 dxe5 26. d6 Bg5 27. Qg2 Qxg2+ 28. Kxg2 f3+ 29. Kf2 b6 30. Nc6 Rac8 31. Nxe5 Bxc1 32. Rxc1 Rce8 33. Ng6 Rf6 34. Ne7+ Kf7 35. e5 Rh6 36. c5 bxc5 37. bxc5 Rxh2+ 38. Kxf3 Rh5 39. Ke4 Ke6 40. Ng6 Kf7 41. d7 Rb8 42. c6 Kxg6 43. c7 Rb4+ 44. Kd5 Rb5+ 45. Rc5 1-0

[Event "Bhubaneswar SOA op 1st"]
[Site "Bhubaneswar"]
[Date "2024.01.30"]
[Round "4"]
[White "Tahbaz, Arash"]
[Black "Goutham Krishna, H."]
[Result "1/2-1/2"]
[WhiteElo "2425"]
[BlackElo "2288"]
[PlyCount "168"]
[EventDate "2024.01.28"]
[EventType "swiss"]
[EventRounds "10"]
[EventCountry "IND"]
[SourceTitle "CB06_2024"]
[SourceDate "2024.02.07"]
[SourceVersion "1"]
[SourceVersionDate "2024.02.07"]
[SourceQuality "1"]

1. Nf3 Nf6 2. g3 g6 3. Bg2 Bg7 4. 0-0 0-0 5. c4 d6 6. Nc3 e5 7. d3 a5 8. a3 c6 9. Rb1 h6 10. b4 axb4 11. axb4 Be6 12. e4 Nbd7 13. Bb2 Nh7 14. Qc2 Ng5 15. Nd2 Bh3 16. Bxh3 Nxh3+ 17. Kg2 Ng5 18. Ne2 Ne6 19. Nf3 f5 20. d4 f4 21. c5 g5 22. Qc4 Qe8 23. g4 d5 24. exd5 cxd5 25. Qxd5 Nf6 26. Qxe5 Nxg4 27. Qd5 Nf6 28. Qb3 Kh8 29. Ne5 Rd8 30. h3 f3+ 31. Qxf3 Nd5 32. Qg3 Nef4+ 33. Nxf4 Nxf4+ 34. Kh2 Ne2 35. Qe3 Nxd4 36. Bxd4 Rxd4 37. Rbe1 Rxb4 38. Kg2 Rbf4 39. Re2 R4f5 40. Nd3 Qd7 41. f3 Rd5 42. Nf2 Rc8 43. Rc1 Qc6 44. Ne4 Rf8 45. Rb1 Rdf5 46. Rb6 Qd5 47. Rd6 Qf7 48. Rf2 Re5 49. Qd3 Qf5 50. Rd8 Rxd8 51. Qxd8+ Kh7 52. Qd3 h5 53. Nxg5+ Kg6 54. Qxf5+ Kxf5 55. Ne4 Kf4 56. Rd2 Re7 57. Kf2 Be5 58. Rd8 Rf7 59. Rd5 Rg7 60. h4 Kf5 61. Rd8 Bf4 62. Rh8 Kg6 63. Rf8 Rf7 64. Rg8+ Rg7 65. Rf8 Rf7 66. Rd8 Bc7 67. Rd5 Rf5 68. Rd7 Rf7 69. Rd5 Rf5 70. Rd3 Rf4 71. Rb3 Rxh4 72. Rxb7 Bf4 73. Rb6+ Kf5 74. Rf6+ Ke5 75. Ke2 Kd4 76. Kf2 Ke5 77. Rf7 Rh2+ 78. Kf1 Ra2 79. c6 Rc2 80. c7 h4 81. Nd6 Kxd6 82. Rxf4 h3 83. Rh4 Kxc7 84. Rxh3 Kd6 1/2-1/2

[Event "Indore op 2nd"]
[Site "Indore"]
[Date "2024.01.14"]
[Round "8"]
[White "Nandhidhaa, PV."]
[Black "Tahbaz, Arash"]
[Result "1-0"]
[WhiteElo "2305"]
[BlackElo "2425"]
[PlyCount "77"]
[EventDate "2024.01.09"]
[EventType "swiss"]
[EventRounds "10"]
[EventCountry "IND"]
[SourceTitle "CB03_2024"]
[SourceDate "2024.01.17"]
[SourceVersion "1"]
[SourceVersionDate "2024.01.17"]
[SourceQuality "1"]

1. e4 c5 2. Nf3 e6 3. c3 d5 4. e5 d4 5. d3 Nc6 6. g3 Qc7 7. Qe2 Nge7 8. Bg2 Ng6 9. 0-0 Ngxe5 10. Nxe5 Nxe5 11. Bf4 Bd6 12. cxd4 Nc6 13. Bxd6 Qxd6 14. dxc5 Qxc5 15. Nd2 0-0 16. Rac1 Qe7 17. Ne4 Bd7 18. Nc5 Be8 19. Rc3 Rd8 20. Qe3 Nb4 21. Nxb7 Nd5 22. Bxd5 Rxd5 23. Nc5 e5 24. Re1 f6 25. b4 h6 26. a4 Bf7 27. b5 Rc8 28. Rec1 Rd4 29. Qf3 Bd5 30. Qf5 Rd8 31. Rb1 Qf7 32. a5 g6 33. Qh3 h5 34. b6 axb6 35. axb6 Rb8 36. Na6 Ra8 37. Rc8+ Rxc8 38. Qxc8+ Qf8 39. b7 1-0

[Event "Indore op 2nd"]
[Site "Indore"]
[Date "2024.01.09"]
[Round "1"]
[White "Mahindrakar, Indrajeet"]
[Black "Tahbaz, Arash"]
[Result "0-1"]
[WhiteElo "2039"]
[BlackElo "2425"]
[PlyCount "70"]
[EventDate "2024.01.09"]
[EventType "swiss"]
[EventRounds "10"]
[EventCountry "IND"]
[SourceTitle "CB03_2024"]
[SourceDate "2024.01.17"]
[SourceVersion "1"]
[SourceVersionDate "2024.01.17"]
[SourceQuality "1"]

1. e4 g6 2. d4 Bg7 3. Nc3 d6 4. Be3 Nd7 5. Qd2 a6 6. h4 h6 7. f4 h5 8. Nh3 Ndf6 9. Ng5 Nh6 10. d5 c6 11. 0-0-0 0-0 12. Be2 Nhg4 13. dxc6 bxc6 14. Bd4 Qa5 15. Bc4 Rb8 16. Ne2 Qxd2+ 17. Rxd2 c5 18. Bg1 Nd7 19. c3 Nb6 20. Bb3 a5 21. a3 a4 22. Ba2 Ba6 23. Rh3 Nc4 24. Bxc4 Bxc4 25. Rf3 f6 26. Nh3 Bh6 27. Nf2 Bxe2 28. Rxe2 Ne5 29. Bh2 Nxf3 30. gxf3 g5 31. Nh3 gxh4 32. Kc2 Kf7 33. f5 Rg8 34. Nf4 Bxf4 35. Bxf4 h3 0-1

[Event "Rasht Father Cup Rapid 2nd"]
[Site "Rasht"]
[Date "2023.12.08"]
[Round "5"]
[White "Yadegar, Radin"]
[Black "Tahbaz, Arash"]
[Result "0-1"]
[WhiteElo "2261"]
[BlackElo "2423"]
[PlyCount "74"]
[EventDate "2023.12.08"]
[EventType "swiss (rapid)"]
[EventRounds "11"]
[EventCountry "IRI"]
[SourceTitle "CB50_2023"]
[SourceDate "2023.12.13"]
[SourceVersion "1"]
[SourceVersionDate "2023.12.13"]
[SourceQuality "1"]

1. d4 Nf6 2. c4 e6 3. Nc3 d5 4. cxd5 exd5 5. Bg5 c6 6. e3 h6 7. Bh4 Be7 8. Bd3 0-0 9. Nf3 Ne8 10. Bxe7 Qxe7 11. 0-0 Bg4 12. Rb1 a5 13. a3 Nd6 14. h3 Bxf3 15. Qxf3 Nd7 16. b4 axb4 17. axb4 Ra3 18. Rfc1 b5 19. Qf4 Nb6 20. e4 dxe4 21. Nxe4 Rxd3 22. Nxd6 Nd5 23. Qe5 f6 24. Qxe7 Nxe7 25. Rd1 Rxd1+ 26. Rxd1 Ra8 27. d5 Rd8 28. dxc6 Nxc6 29. Kf1 Nxb4 30. Ke2 Rb8 31. Rb1 Nd5 32. Kd2 b4 33. g3 Nc3 34. Rb3 Na4 35. Ne4 f5 36. Nd6 Rd8 37. Rxb4 Rxd6+ 0-1

[Event "Rasht Father Cup Blitz 2nd"]
[Site "Rasht"]
[Date "2023.12.07"]
[Round "12"]
[White "Ahmadi, Erfan"]
[Black "Tahbaz, Arash"]
[Result "0-1"]
[WhiteElo "2031"]
[BlackElo "2423"]
[PlyCount "66"]
[EventDate "2023.12.07"]
[EventType "swiss (blitz)"]
[EventRounds "13"]
[EventCountry "IRI"]
[SourceTitle "CB50_2023"]
[SourceDate "2023.12.13"]
[SourceVersion "1"]
[SourceVersionDate "2023.12.13"]
[SourceQuality "1"]

1. e4 d5 2. exd5 Qxd5 3. Nc3 Qa5 4. d4 Nf6 5. Nf3 c6 6. Bd3 Bg4 7. 0-0 Nbd7 8. h3 Bh5 9. Bd2 Qc7 10. Qe2 e6 11. Qe3 Be7 12. Rfe1 0-0 13. Ne5 Rad8 14. g4 Bg6 15. Nxg6 hxg6 16. Ne2 c5 17. c3 Nb6 18. Rad1 Rd7 19. Qf3 a6 20. Bf4 Bd6 21. dxc5 Qxc5 22. Bxd6 Rxd6 23. Qxb7 Rfd8 24. Qf3 Nc4 25. b4 Qc7 26. Bc2 Rd2 27. Nd4 R8xd4 28. cxd4 Rxc2 29. Qb3 Rb2 30. Qd3 Nd5 31. Rc1 Qf4 32. Rc2 Nxb4 33. Qxc4 Rxc2 0-1

[Event "Titled Tuesday intern op 24th Oct Late"]
[Site "Chess.com INT"]
[Date "2023.10.24"]
[Round "2"]
[White "Raahul, VS."]
[Black "Tahbaz, Arash"]
[Result "1-0"]
[WhiteElo "2340"]
[BlackElo "2433"]
[PlyCount "71"]
[EventDate "2023.10.24"]
[EventType "swiss (blitz)"]
[EventRounds "11"]
[EventCountry "USA"]
[SourceTitle "Mega2024 Update 01"]
[Source "Chessbase"]
[SourceDate "2023.11.12"]
[SourceVersion "1"]
[SourceVersionDate "2023.11.12"]
[SourceQuality "1"]

1. c4 g6 2. Nc3 Bg7 3. g3 d6 4. Bg2 Nf6 5. e4 0-0 6. Nge2 c5 7. d4 Nc6 8. d5 Na5 9. b3 a6 10. Rb1 Rb8 11. 0-0 b5 12. cxb5 axb5 13. b4 cxb4 14. Rxb4 Bd7 15. Nd4 Qc7 16. Ncxb5 Qc5 17. Qa4 Rfc8 18. Be3 Nc4 19. Rc1 Nxe3 20. Rxc5 dxc5 21. Rb1 cxd4 22. fxe3 dxe3 23. h3 e2 24. Kf2 Rc5 25. e5 Nxd5 26. Qa7 Rcxb5 27. Rxb5 Rxb5 28. Qxd7 Rb1 29. Kxe2 Nc3+ 30. Kf2 Bxe5 31. Qxe7 Bd4+ 32. Kf3 Kg7 33. h4 Rb2 34. g4 Bf6 35. Qa7 Rxa2 36. Qc5 1-0

[Event "Titled Tuesday intern op 22nd Aug Early"]
[Site "Chess.com INT"]
[Date "2023.08.22"]
[Round "2"]
[White "Goltseva, Ekaterina"]
[Black "Tahbaz, Arash"]
[Result "0-1"]
[WhiteElo "2309"]
[BlackElo "2441"]
[PlyCount "62"]
[EventDate "2023.08.22"]
[EventType "swiss (blitz)"]
[EventRounds "11"]
[EventCountry "USA"]
[SourceTitle "EXT 2024"]
[Source "ChessBase"]
[SourceDate "2023.10.10"]
[SourceVersion "1"]
[SourceVersionDate "2023.10.10"]
[SourceQuality "1"]

1. d4 Nf6 2. c4 e6 3. Nc3 d5 4. Nf3 Be7 5. Bg5 h6 6. Bh4 0-0 7. e3 Nbd7 8. Rc1 dxc4 9. Bxc4 a6 10. Bd3 c5 11. 0-0 cxd4 12. exd4 b5 13. Ne4 Bb7 14. Nc5 Bd5 15. b4 Bxa2 16. Ra1 Bc4 17. Rxa6 Rxa6 18. Nxa6 Nd5 19. Bxe7 Qxe7 20. Bxc4 bxc4 21. b5 Rc8 22. Qa4 c3 23. Rc1 N7b6 24. Qb3 Rc4 25. Ne5 Rxd4 26. Nc6 Qg5 27. Re1 Rd2 28. Nc5 Nf4 29. g3 Qxc5 30. gxf4 Qxf2+ 31. Kh1 Qg2# 0-1

[Event "Titled Tuesday intern op 22nd Aug Early"]
[Site "Chess.com INT"]
[Date "2023.08.22"]
[Round "5"]
[White "Tahbaz, Arash"]
[Black "Nakamura, Hikaru"]
[Result "0-1"]
[WhiteElo "2441"]
[BlackElo "2787"]
[PlyCount "142"]
[EventDate "2023.08.22"]
[EventType "swiss (blitz)"]
[EventRounds "11"]
[EventCountry "USA"]
[SourceTitle "EXT 2024"]
[Source "ChessBase"]
[SourceDate "2023.10.10"]
[SourceVersion "1"]
[SourceVersionDate "2023.10.10"]
[SourceQuality "1"]

1. Nf3 d5 2. g3 g6 3. Bg2 Bg7 4. 0-0 e5 5. d3 Ne7 6. c4 dxc4 7. dxc4 Qxd1 8. Rxd1 f5 9. Nc3 e4 10. Nd4 c6 11. b3 Na6 12. Ba3 Kf7 13. Rd2 Re8 14. Rad1 Ng8 15. e3 Bf8 16. Bxf8 Kxf8 17. Na4 Nf6 18. a3 Ng4 19. Bf1 Ne5 20. Be2 Nc7 21. b4 b6 22. h4 Be6 23. Nxe6+ Nxe6 24. Kg2 Ke7 25. Nc3 Red8 26. Rxd8 Nxd8 27. b5 Rc8 28. a4 Nb7 29. Kf1 Nd6 30. Rd4 Ke6 31. bxc6 Nxc6 32. Rd1 Ne5 33. Nb5 Nxb5 34. cxb5 h5 35. a5 Nd7 36. axb6 axb6 37. Ra1 Rc2 38. Ra8 Rc1+ 39. Kg2 Rc2 40. Kf1 Rc1+ 41. Kg2 Rc7 42. Rg8 Kf7 43. Ra8 Ne5 44. Rb8 Nd7 45. Ra8 Nf6 46. Rb8 Nd5 47. Rd8 Ke6 48. Rg8 Kf6 49. Rd8 Ke5 50. Re8+ Re7 51. Rg8 Nc3 52. Bf1 Re6 53. Bc4 Rf6 54. Re8+ Kd6 55. Bf1 Kc5 56. Rc8+ Kb4 57. Rc4+ Kb3 58. Rc6 Rxc6 59. bxc6 Nd5 60. Be2 Kb4 61. Kf1 Kc5 62. Bd1 Kxc6 63. Bb3 Ne7 64. Ke2 Kd6 65. Bf7 Ke5 66. Kd2 Kf6 67. Be8 Nc8 68. Kc3 Nd6 69. Bc6 Nf7 70. Kd4 Ne5 71. Bb5 Ng4 0-1

[Event "Titled Tuesday intern op 22nd Aug Early"]
[Site "Chess.com INT"]
[Date "2023.08.22"]
[Round "1"]
[White "Tahbaz, Arash"]
[Black "Seletsky, Grigory"]
[Result "1-0"]
[WhiteElo "2441"]
[BlackElo "2220"]
[PlyCount "171"]
[EventDate "2023.08.22"]
[EventType "swiss (blitz)"]
[EventRounds "11"]
[EventCountry "USA"]
[SourceTitle "EXT 2024"]
[Source "ChessBase"]
[SourceDate "2023.10.10"]
[SourceVersion "1"]
[SourceVersionDate "2023.10.10"]
[SourceQuality "1"]

1. Nf3 d5 2. b3 Bf5 3. Bb2 e6 4. e3 h6 5. d4 Nf6 6. Bd3 Bxd3 7. cxd3 Be7 8. 0-0 0-0 9. Nbd2 c5 10. Rc1 cxd4 11. Nxd4 Nbd7 12. f4 Rc8 13. N2f3 a6 14. h3 Rxc1 15. Qxc1 Qb8 16. Qa1 Rc8 17. Rc1 Rc7 18. g4 Ne8 19. Kg2 Qc8 20. Rxc7 Qxc7 21. h4 Bf8 22. g5 hxg5 23. hxg5 g6 24. Kf2 Nd6 25. Ke2 Nb5 26. Nxb5 axb5 27. Nd4 b4 28. Qc1 Qxc1 29. Bxc1 Nb8 30. Bd2 Nc6 31. Nf3 Bc5 32. Bc1 Kf8 33. Bb2 Ke7 34. Bf6+ Kd7 35. Nh2 Kc7 36. Ng4 Kd7 37. Bb2 Be7 38. Be5 Ke8 39. Ba1 Kd7 40. Nh6 Ke8 41. Bg7 Bc5 42. Bf6 Bf8 43. Ng4 Bd6 44. Bb2 Be7 45. Bc1 Kd7 46. d4 Ke8 47. Kd3 Kd7 48. Nh2 Ke8 49. Nf3 Kd7 50. Ne1 Kc7 51. Nc2 Kd7 52. a3 bxa3 53. Bxa3 Bd8 54. Bc1 Ba5 55. Bd2 Bc7 56. Ne1 Bd6 57. Nc2 Be7 58. b4 b5 59. Kc3 Kc7 60. Kb3 Kb6 61. Ne1 Kc7 62. Nf3 Kd7 63. Nh2 Ke8 64. Ng4 Kd7 65. Nf2 Ke8 66. Bc3 Kd7 67. Nd3 Kc7 68. Ne1 Kd7 69. Nc2 Kc7 70. Bd2 Kd7 71. Na3 Na7 72. Bc3 Kc6 73. Nb1 Nc8 74. Nd2 Nd6 75. Nf3 Nc4 76. Bd2 Kd7 77. Bc1 Ke8 78. Ne1 Kd7 79. Nd3 Bd6 80. Nf2 Ke8 81. Kc2 Kd7 82. Ng4 Bxb4 83. Nh6 Ke8 84. Kb3 Be7 85. Ng4 Kd7 86. Nf2 1-0

[Event "Speed Chess Q1 Sw"]
[Site "Chess.com INT"]
[Date "2023.08.21"]
[Round "2"]
[White "Matinian, Nikita"]
[Black "Tahbaz, Arash"]
[Result "0-1"]
[WhiteElo "2421"]
[BlackElo "2441"]
[PlyCount "140"]
[EventDate "2023.08.21"]
[EventType "k.o. (blitz)"]
[EventRounds "14"]
[EventCountry "USA"]
[SourceTitle "CBM 215 Extra"]
[Source "ChessBase"]
[SourceDate "2023.09.30"]
[SourceVersion "1"]
[SourceVersionDate "2023.09.30"]
[SourceQuality "1"]

1. e4 g6 2. d4 Bg7 3. Nc3 d6 4. g4 a6 5. Be3 b5 6. Bg2 Bb7 7. a4 b4 8. Nd5 a5 9. Ne2 Nd7 10. h4 Ngf6 11. h5 Nxg4 12. h6 Bf6 13. Nef4 Nxe3 14. fxe3 0-0 15. Qg4 e5 16. Qxd7 Bh4+ 17. Rxh4 Qxh4+ 18. Ke2 exf4 19. Rh1 Qd8 20. Qxd8 Raxd8 21. Nf6+ Kh8 22. exf4 c6 23. Ke3 d5 24. e5 Bc8 25. c4 bxc3 26. bxc3 Be6 27. c4 Rb8 28. cxd5 Rb3+ 29. Kf2 cxd5 30. Rc1 Rb4 31. Ke3 Rb3+ 32. Ke2 Rb2+ 33. Kf1 Rb4 34. Kf2 Rxd4 35. Ke3 Rxa4 36. Bxd5 Ra3+ 37. Kf2 Bxd5 38. Nxd5 Rh3 39. Rc7 Rxh6 40. Ra7 Kg7 41. e6 Rh5 42. Nc7 fxe6 43. Nxe6+ Kg8 44. Nxf8 Kxf8 45. Kf3 Ke8 46. Ke4 Kf8 47. Kf3 Kg8 48. Ke4 Rf5 49. Ra8+ Kg7 50. Ra7+ Kh6 51. Kf3 Rb5 52. Kg4 Rh5 53. Ra6 Kg7 54. Ra7+ Kf8 55. Rb7 Ke8 56. Ra7 Kd8 57. f5 Rxf5 58. Rxh7 Rb5 59. Rg7 g5 60. Ra7 Kc8 61. Re7 Rd5 62. Rf7 Kb8 63. Re7 a4 64. Re4 Ra5 65. Re3 a3 66. Re1 a2 67. Ra1 Kc7 68. Kh5 Kd6 69. Kg4 Ke5 70. Rxa2 Rxa2 0-1

[Event "Titled Tuesday intern op 11th Jul Late"]
[Site "Chess.com INT"]
[Date "2023.07.11"]
[Round "1"]
[White "Bettalli, Francesco"]
[Black "Tahbaz, Arash"]
[Result "0-1"]
[WhiteElo "2266"]
[BlackElo "2441"]
[PlyCount "116"]
[EventDate "2023.07.11"]
[EventType "swiss (blitz)"]
[EventRounds "11"]
[EventCountry "USA"]
[SourceTitle "EXT 2024"]
[Source "ChessBase"]
[SourceDate "2023.10.10"]
[SourceVersion "1"]
[SourceVersionDate "2023.10.10"]
[SourceQuality "1"]

1. d4 g6 2. e4 Bg7 3. Nc3 d6 4. Be3 Nd7 5. h4 h6 6. g4 a6 7. g5 hxg5 8. Bxg5 b5 9. Bg2 Bb7 10. Nge2 Ngf6 11. Qd3 c5 12. 0-0-0 Rc8 13. Qg3 cxd4 14. Nxd4 Qc7 15. Rhe1 e5 16. Bxf6 Bxf6 17. Nd5 Qc5 18. Nxf6+ Nxf6 19. Bh3 Rc7 20. c3 Nh5 21. Ne6 Nxg3 22. Nxc5 Rxc5 23. fxg3 Ke7 24. Rd2 b4 25. Kc2 bxc3 26. bxc3 Bc8 27. Bf1 Be6 28. Rb1 Rhc8 29. Rb7+ Kf8 30. Rxd6 Rxc3+ 31. Kd2 Rc2+ 32. Ke3 R8c3+ 33. Bd3 Rg2 34. Kf3 Rd2 35. Ke3 Rg2 36. Kf3 Rxa2 37. g4 Raa3 38. Ke3 Bc4 39. Rbd7 Rxd3+ 40. Rxd3 Rxd3+ 41. Rxd3 Bxd3 42. Kxd3 a5 43. Kc4 a4 44. g5 f5 45. gxf6 Kf7 46. Kb4 Kxf6 47. Kxa4 g5 48. hxg5+ Kxg5 49. Kb4 Kf4 50. Kc3 Kxe4 51. Kd2 Kf3 52. Ke1 Ke3 53. Kd1 Kf2 54. Kd2 e4 55. Kd1 e3 56. Kc2 e2 57. Kd3 e1Q 58. Kd4 Qe2 0-1